000 00639nam a22001937a 4500
999 _c169684
_d169684
005 20191128173135.0
010 _aB-731095
020 _c795.00
_a9789382025290
035 _aB-731095
037 _bPigeon Books
082 _a158.1
100 _aMittal, Sudhir
245 _aThe life you choose :
_bnow begins your sunrise... /
_cby Sudhir Mittal,
260 _aNew Delhi
_bPigeon Books India
_c2016
270 _a1-2/16, Ansari Road, Daryaganj
_bNew Delhi
_e110002
300 _a283p.
_c20cm(Hb)
_bill.
942 _2ddc
_cEN
_h158.1
_mMIT